Hodnotenie finančnej situácie spoločnosti Soitron, a.s. na podklade účtovnej závierky diplomová práca

Salvato in:
Dettagli Bibliografici
Autore principale: Smatanová, Petra
Ente Autore: Fakulta podnikového manažmentu EU. Katedra podnikových financií
Altri autori: Šnircová, Jana, 1971-
Natura: Libro
Lingua:slovacco
Pubblicazione: Bratislava 2008
Tags: Aggiungi Tag
Nessun Tag, puoi essere il primo ad aggiungerne!!

MARC

LEADER 00000nam$a2200000$$$4500
001 0088954
005 20240201115245.2
041 0 |a slo 
044 |a SK 
245 1 0 |a Hodnotenie finančnej situácie spoločnosti Soitron, a.s. na podklade účtovnej závierky  |b diplomová práca  |c Petra Smatanová ; škol. Jana Šnircová 
264 1 |a Bratislava  |c 2008 
300 |a 60 s. 
100 1 |a Smatanová, Petra 
700 1 |a Šnircová, Jana, 1971- 
710 2 |a Fakulta podnikového manažmentu EU. Katedra podnikových financií